000 01174cam a2200301 a 4500
001 13775567
003 OSt
005 20240705105836.0
008 040826s2004 enkab b 001 0 eng
010 _a 2004478280
020 _a0340759690 (pbk.)
035 _a(OCoLC)ocm56360417
040 _cmust
042 _alccopycat
082 _a333.91 DOW 2004
100 1 _aDowns, Peter W.
_q(Peter William)
_918467
245 1 0 _aRiver channel management :
_btowards sustainable catchment hydrosystems /
_cPeter W. Downs, Kenneth J. Gregory.
260 _aLondon :
_bArnold ;
_aNew York :
_bDistributed in the USA by Oxford University Press,
_c2004.
300 _axii, 395 p. :
_bill., maps ;
_c24 cm.
504 _aIncludes bibliographical references (p. 331-384) and index.
650 0 _aRiver channels
_xManagement.
_918468
650 0 _aRiver engineering.
_918469
700 1 _aGregory, K. J.
_q(Kenneth John)
_918470
856 4 2 _3Publisher description
_uhttp://www.loc.gov/catdir/enhancements/fy0621/2004478280-d.html
906 _a7
_bcbc
_ccopycat
_d2
_encip
_f20
_gy-gencatlg
942 _2ddc
_cO_SHELF
999 _c9077
_d9077